Statistics for Animals starting with B

Click here to take the quiz!

General Stats

  • This quiz has been taken 97 times
  • The average score is 11 of 14

Answer Stats

Answer% Correct
Bee
99%
Bat
97%
Bear
96%
Butterfly
95%
Beaver
90%
Baboon
87%
Bald Eagle
86%
Bengal Tigers
86%
Blue Whale
86%
Buffalo
81%
Badger
74%
Bearded Dragon
54%
Blue Jay
51%
Bandicoot
21%

Score Distribution

Percentile by Number Answered

Percent of People with Each Score

Your Score History

You have not taken this quiz